| 000 | 00424cam a2200181 4500 | ||
|---|---|---|---|
| 001 | D9939 | ||
| 008 | 090401t1979 xxu||||| |||| 00| 0 eng d | ||
| 035 | _a(Sirsi) u23449 | ||
| 041 | _aeng | ||
| 050 | _a344.410462 | ||
| 100 | _aWisdom, Allen | ||
| 245 | _aSewerage and sewage disposal | ||
| 260 |
_aLondon _bBarry Rose Publishers Ltd _c1979 |
||
| 300 | _a24p. 21cm | ||
| 350 | _a3 | ||
| 942 | _n0 | ||
| 948 | _c04/03/1997 | ||
| 999 |
_c88409 _d88409 |
||